00654nam a22001937a 450000500170000000800410001701000260005802000260008403500230011003700130013304000130014608200170015910000190017624501040019526000420029927000400034130000260038150000530040720230529161248.0121213t xxu||||| |||| 00| 0 eng d aENG-106431 ENG-137072 a9788183243810c595.00 aEN-89964 EN-120604 bDBAD/PUB aDPLbEng a362.50954166 aRamliana, P.L. aPoverty in North East India :cby P.L. Ramliana ; foreworded by A.K. Agarwalba study of Mizoram / aNew Delhi bMittal Publicationsc2012 a4594/9 DaryaganjbNew Delhie110002 axxii,182p. c23cm(Hb) aIncludes bibliographical references and indexes